Stray kids SKZZO - Statistics

General Stats
  • This quiz has been taken 129 times
  • The average score is 6 of 8
Answer Stats
Hint Answer % Correct
Bangchan Wolf Chan
98%
Lee Know LeeBit
94%
Han Han Quokka
89%
Seungmin PuppyM
82%
Changbin Dwaekki
78%
Felix Bbokari
75%
Hyunjin Jiniret
75%
I.N FoxI.Ny
53%
No matching quizzes found
Score Distribution
Percent of People with Each Score
Percentile by Number Answered
Your Score History
You have not taken this quiz